000 00304nam a2200133Ia 4500
005 20251222141855.0
008 251222s9999||||xx |||||||||||||| ||spa||
020 _a84-8239-020-1
082 _a791.437/M26
100 _aMartín, Jerónimo Jesé
245 0 _aCine 94:
264 _bPalabra
942 _cLIB
999 _c7852
_d7852